The collected poems of Samuel Beckett (Record no. 188912)

MARC details
000 -LEADER
campo de control de longitud fija 00997nam a2200265 i 4500
001 - NÚMERO DE CONTROL
campo de control 188912
003 - IDENTIFICADOR DE NÚMERO DE CONTROL
campo de control ES-MaACL
005 - FECHA Y HORA DE LA ÚLTIMA TRANSACCIÓN
campo de control 20250526063015.0
008 - DATOS DE LONGITUD FIJA--INFORMACIÓN GENERAL
campo de control de longitud fija 190226s2012 xxk |||| | eng d
020 ## - NÚMERO INTERNACIONAL ESTÁNDAR DEL LIBRO
Número Internacional Estándar del Libro 978-0571-24985-5
080 ## - NÚMERO DE LA CLASIFICACIÓN DECIMAL UNIVERSAL
Número de la Clasificación Decimal Universal 821.133.1-1"19"
100 1# - ENTRADA PRINCIPAL--NOMBRE DE PERSONA
Nombre de persona Beckett, Samuel,
Fechas asociadas al nombre 1906-1989
9 (RLIN) 240713
245 14 - MENCIÓN DEL TÍTULO
Título The collected poems of Samuel Beckett
Resto del título : a critical edition /
Mención de responsabilidad, etc. edited by Seán Lawlor and John Pilling.
260 ## - PUBLICACIÓN, DISTRIBUCIÓN, ETC.
Lugar de publicación, distribución, etc. London :
Nombre del editor, distribuidor, etc. Faber and Faber,
Fecha de publicación, distribución, etc. 2012.
300 ## - DESCRIPCIÓN FÍSICA
Extensión XX, 499 p. ;
Dimensiones 22 cm.
500 ## - NOTA GENERAL
Nota general Índice.
504 ## - NOTA DE BIBLIOGRAFÍA, ETC.
Nota de bibliografía, etc. Bibliografía: p. 479-489.
600 17 - PUNTO DE ACCESO ADICIONAL DE MATERIA--NOMBRE DE PERSONA
Nombre de persona Beckett, Samuel,
Fechas asociadas al nombre 1906-1989-
Subdivisión general Crítica e interpretación
Fuente del encabezamiento o término
9 (RLIN) 165980
700 1# - ENTRADA AGREGADA--NOMBRE PERSONAL
Nombre de persona Lawlor, Seán (
Fechas asociadas al nombre 1948-2011)
9 (RLIN) 166473
700 1# - ENTRADA AGREGADA--NOMBRE PERSONAL
Nombre de persona Pilling, John (
Fechas asociadas al nombre 1946-)
9 (RLIN) 166474
852 ## - LOCALIZACIÓN
Ubicación ES-MaACL
Número de control de estantería A-14408
itemnumber 196046
Sublocalización o colección R.151791
Ubicación en estantería Depósito 1
Signatura antigua Olim: N-7408
Donativo/Legado Donación: Embajada de Irlanda
914 ## - NOMBRE ENTIDAD DE DONANTE
RLIN 234032
Nombre de congreso/reunión o jurisdicción como elemento de entrada Embajada de Irlanda en España
Unidad subordinada Donante
942 ## - ELEMENTOS DE ENTRADA SECUNDARIOS (KOHA)
Fuente del sistema de clasificación o colocación Clasificación decimal universal
Tipo de ítem Koha Libro impreso
Holdings
Estatus retirado Estado de pérdida Fuente del sistema de clasificación o colocación Estado de daño No para préstamo Biblioteca de origen Biblioteca actual Ubicación en estantería Fecha de adquisición Fuente de adquisición Total de préstamos Signatura topográfica completa Código de barras Visto por última vez Precio de reemplazo Tipo de ítem Koha
    Clasificación decimal universal     Biblioteca del Ateneo de Madrid Biblioteca del Ateneo de Madrid Depósito 1 26/02/2019 Donación   A-14408 1200061 23/02/2023 23/02/2023 Libro impreso